| 000 | 00581nam a22001817a 4500 | ||
|---|---|---|---|
| 005 | 20251108175809.0 | ||
| 008 | 250721s2020 xx 000 0 ara d | ||
| 082 | 1 | 4 | _aق/ستي |
| 100 | 1 | _aستيفنسن، روبيرت لويس | |
| 245 | 1 | 0 | _aمختارات من قصص ستيفنسن / |
| 264 | 1 |
_aالجيزة : _bبيت الياسمين للنشر و التوزيع، _c2020. |
|
| 300 | _a323ص. | ||
| 650 | 1 | 7 | _aالادب المترجم |
| 650 | 1 | 7 | _aالقصص القصيرة |
| 700 | 1 |
_aمسعود، محمود _eمترجم |
|
| 942 |
_2ddc _cBK |
||
| 999 |
_c142664 _d142664 |
||